El sistema de admisión: orígenes y evolución. Resultados proceso de admisión 1999

Gardado en:
Detalles Bibliográficos
Corporate Authors: DEMRE (Author), Departamento de Evaluación, Medición y Registro Educacional (Author)
Formato: Libro
Idioma:Lingua castelá
Publicado: Santiago Universidad de Chile 1999
Edición:1a. ed
Subjects:
Tags: Engadir etiqueta
Sen Etiquetas, Sexa o primeiro en etiquetar este rexistro!

MARC

LEADER 00000cam a2200000 a 4500
001 UCG9131
003 CL-VaPUC
008 120120e19990000CL |||||||||||||||||spa|d
082 0 4 |a 378.16  |b DEM  |2 21 
110 2 |a DEMRE  |e author  |9 560537 
710 2 |a Departamento de Evaluación, Medición y Registro Educacional  |e author  |9 560538 
245 1 3 |a El sistema de admisión: orígenes y evolución. Resultados proceso de admisión 1999 
250 |a 1a. ed 
300 |a 125 p 
942 |c BK 
945 |d 20120120 00:00:00  |a dcastane 
260 |a Santiago  |b Universidad de Chile  |c 1999 
650 0 |a Educación superior   |9 223851 
650 0 |a Universidades  |9 256317 
650 7 |a PRUEBA DE APTITUD  |2 CL-VaPUC  |9 341185 
650 0 |a Estadísticas educacionales  |9 331921 
650 0 |a Datos estadísticos  |9 329380 
583 |a last modification  |c 20120120 10:38:00  |k Rodrigo Vera 
999 |c 346698  |d 346696 
952 |0 0  |1 0  |4 0  |6 378_160000000000000_DEM_1999  |7 0  |8 ED_SUP  |9 447506  |a BIBGIM  |b BIBGIM  |c S_PSTGRDO  |d 2019-11-22  |i 4836235  |o 378.16 DEM 1999  |p 4836235  |r 2025-01-15  |w 2019-11-22  |y BK_X  |k ESU